Giáo trình phổ tu bóng ném
Sách giới thiệu lịch sử môn bóng ném, những kĩ thuật cơ bản trong huấn luyện và thi đấu bóng ném; những kí hiệu của các cầu thủ trong một trân đấu; giải thích một số kĩ thuật, chiến thuật trong tập luyện và thi đấu....
Gardado en:
| Autor Principal: | |
|---|---|
| Formato: | Libro |
| Idioma: | Undetermined |
| Publicado: |
Cần Thơ
Trường Đại học Cần Thơ
2008
|
| Những chủ đề: | |
| Các nhãn: |
Engadir etiqueta
Sen Etiquetas, Sexa o primeiro en etiquetar este rexistro!
|
| Thư viện lưu trữ: | Trung tâm Học liệu Trường Đại học Cần Thơ |
|---|
| LEADER | 00951nam a2200217Ia 4500 | ||
|---|---|---|---|
| 001 | CTU_143091 | ||
| 008 | 210402s9999 xx 000 0 und d | ||
| 082 | |a 796.31 | ||
| 082 | |b Qu527 | ||
| 100 | |a Đặng, Thị Kim Quyên | ||
| 245 | 0 | |a Giáo trình phổ tu bóng ném | |
| 245 | 0 | |c Đặng Thị Kim Quyên | |
| 260 | |a Cần Thơ | ||
| 260 | |b Trường Đại học Cần Thơ | ||
| 260 | |c 2008 | ||
| 520 | |a Sách giới thiệu lịch sử môn bóng ném, những kĩ thuật cơ bản trong huấn luyện và thi đấu bóng ném; những kí hiệu của các cầu thủ trong một trân đấu; giải thích một số kĩ thuật, chiến thuật trong tập luyện và thi đấu. | ||
| 526 | |a Bóng ném | ||
| 526 | |b TC396 | ||
| 650 | |a Handball,Bóng ném | ||
| 904 | |i Năm | ||
| 980 | |a Trung tâm Học liệu Trường Đại học Cần Thơ | ||